The Dalí renaissance : (Record no. 40134)

MARC details
000 -LEADER
fixed length control field 01121cam a2200253 a 4500
001 - CONTROL NUMBER
control field vtls003142212
003 - CONTROL NUMBER IDENTIFIER
control field MY-SjTCS
005 - DATE AND TIME OF LATEST TRANSACTION
control field 20200306163215.0
008 - FIXED-LENGTH DATA ELEMENTS--GENERAL INFORMATION
fixed length control field 110218s2008 paua b 001 0 eng
020 ## - INTERNATIONAL STANDARD BOOK NUMBER
International Standard Book Number 9780300136470 (pbk.)
039 #9 - LEVEL OF BIBLIOGRAPHIC CONTROL AND CODING DETAIL [OBSOLETE]
Level of rules in bibliographic description 201102181319
Level of effort used to assign nonsubject heading access points VLOAD
Level of effort used to assign subject headings 201008251346
Level of effort used to assign classification komathi
Level of effort used to assign subject headings 200908290921
Level of effort used to assign classification shuhada
Level of effort used to assign subject headings 200908290921
Level of effort used to assign classification shuhada
-- 200905151857
-- wei haan
082 04 - DEWEY DECIMAL CLASSIFICATION NUMBER
Classification number 709.2
Item number DAL
245 04 - TITLE STATEMENT
Title The Dalí renaissance :
Remainder of title new perspectives on his life and art after 1940 /
Statement of responsibility, etc. edited by Michael R. Taylor.
260 ## - PUBLICATION, DISTRIBUTION, ETC.
Place of publication, distribution, etc. Philadelphia :
Name of publisher, distributor, etc. Philadelphia Museum of Art ;
Place of publication, distribution, etc. New Haven :
Name of publisher, distributor, etc. Distributed by Yale University Press,
Date of publication, distribution, etc. 2008.
300 ## - PHYSICAL DESCRIPTION
Extent ix, 226 p. :
Other physical details ill. ;
Dimensions 24 cm.
490 1# - SERIES STATEMENT
Series statement Philadelphia Museum of Art series
500 ## - GENERAL NOTE
General note Proceedings of a symposium held at the Philadelphia Museum of Art in 2005.
500 ## - GENERAL NOTE
General note "An international symposium".
504 ## - BIBLIOGRAPHY, ETC. NOTE
Bibliography, etc. note Includes bibliographical references and indexes.
600 10 - SUBJECT ADDED ENTRY--PERSONAL NAME
Personal name Dalí, Salvador,
Dates associated with a name 1904-1989
Form subdivision Congresses.
9 (RLIN) 229337
700 1# - ADDED ENTRY--PERSONAL NAME
Personal name Taylor, Michael R.,
Dates associated with a name 1966-
9 (RLIN) 35406
830 #0 - SERIES ADDED ENTRY--UNIFORM TITLE
Uniform title Philadelphia Museum of Art series.
9 (RLIN) 35390
920 ## - Programme
Programme BLT(DIP): 528340
Holdings
Withdrawn status Lost status Source of classification or shelving scheme Damaged status Not for loan Home library Current library Date acquired Cost, normal purchase price Total Checkouts Barcode Date last seen Date last checked out Copy number Uniform Resource Identifier Cost, replacement price Koha item type Public note
    Dewey Decimal Classification     Taylor's Library-TU Taylor's Library-TU 28/08/2009 98.28 2 5000048718 05/12/2019 06/12/2013 1 Floor 4, Shelf 29 , Side 2, TierNo 3, BayNo 4 98.28 Main Collection SABDx,23003,02,CL